|
|
|
|
| LEADER |
00000nas1a2200000 4500 |
| 001 |
571326 |
| 005 |
20231101125214.0 |
| 011 |
|
|
|a 2310-385X
|
| 035 |
|
|
|a (RuTPU)RU\TPU\prd\269229
|
| 090 |
|
|
|a 571326
|
| 100 |
|
|
|a 20170207a20179999k y0rusy50 ca
|
| 101 |
0 |
|
|a rus
|
| 102 |
|
|
|a RU
|
| 110 |
|
|
|a afaz|||0uu0
|
| 200 |
1 |
|
|a Редкие земли
|e журнал о тайнах нашей планеты
|
| 210 |
|
|
|a Москва
|c Де Ай
|d 2016-2017
|
| 326 |
|
|
|a 2 раза в год
|
| 469 |
|
|
|0 (RuTPU)RU\TPU\subscr\4912
|
| 610 |
1 |
|
|a технологии
|
| 610 |
1 |
|
|a экология
|
| 610 |
1 |
|
|a персона
|
| 610 |
1 |
|
|a русские земли
|
| 610 |
1 |
|
|a ноосфера
|
| 610 |
1 |
|
|a впк
|
| 610 |
1 |
|
|a наука
|
| 610 |
1 |
|
|a геология
|
| 610 |
1 |
|
|a редкие земли
|
| 686 |
|
|
|a 42(2)
|2 rubbk
|
| 801 |
|
1 |
|a RU
|b 63413507
|c 20170207
|
| 801 |
|
2 |
|a RU
|b 63413507
|c 20210323
|g RCR
|
| 856 |
4 |
|
|u http://rareearth.ru/ru/about.html
|
| 942 |
|
|
|c CR
|
| 969 |
|
|
|0 001RU\TPU\subscr\4912
|